Statistiques concernant Villes d'Europe

Cliquez ici pour prendre le quiz!

Statistiques générales

  • Ce quiz a été pris 22 fois
    (6 depuis la dernière actualisation)
  • Le résultat moyen est 37 sur 200

Réponses sur la Carte

Les réponses sont colorées sur une échelle allant du rouge au vert en fonction du pourcentage des utilisateurs qui les ont devinées à leur premier essai. Vous pouvez retrouver ces pourcentages ci-dessous.
 

Statistiques - réponses

Réponse% Correct
LaRochelle
100%
Aberdeen
50%
Albacete
50%
Amiens
50%
Aoste
50%
Barcelone
50%
Belfast
50%
Bielefeld
50%
Birmingham
50%
Bordeaux
50%
Bournemouth
50%
Brême
50%
Brest
50%
Brive-la-Gaillarde
50%
Caen
50%
Cannes
50%
Colmar
50%
Derby
50%
Dijon
50%
Dortmund
50%
Dresde
50%
Erfurt
50%
Florence
50%
Foggia
50%
Francfort
50%
Fribourg-en-Brisgau
50%
Gênes
50%
Gijón
50%
Hambourg
50%
Ibiza
50%
Ipswich
50%
LaCorogne
50%
LaSpezia
50%
Latina
50%
Lecce
50%
Leicester
50%
LeMans
50%
Lille
50%
Livourne
50%
Logroño
50%
Londres
50%
Lyon
50%
Marseille
50%
Messine
50%
Metz
50%
Mulhouse
50%
Nancy
50%
Nantes
50%
Oviedo
50%
Plymouth
50%
Poitiers
50%
Potsdam
50%
Ratisbonne
50%
Reading
50%
Reims
50%
Rennes
50%
Rouen
50%
Saint-Étienne
50%
Salerne
50%
Sarrebruck
50%
Sheffield
50%
Strasbourg
50%
Stuttgart
50%
Syracuse
50%
Toulon
50%
Tours
50%
Trieste
50%
Troyes
50%
Valence(Espagne)
50%
Vérone
50%
Vitoria-Gasteiz
50%
Wuppertal
50%
Aix-en-Provence
0%
Ajaccio
0%
Alicante
0%
Almeria
0%
Angers
0%
Augsbourg
0%
Avignon
0%
Badajoz
0%
Bari
0%
Bastia
0%
Bayonne
0%
Bergame
0%
Bergerac
0%
Berlin
0%
Besançon
0%
Bilbao
0%
Blackpool
0%
Bologne
0%
Bonn
0%
Bradford
0%
Brandebourg
0%
Brescia
0%
Bristol
0%
Brunswick
0%
Cadix
0%
Cagliari
0%
Cambridge
0%
Canterbury
0%
Carcassonne
0%
Cardiff
0%
Carlisle
0%
Carthagène
0%
Cassel
0%
Catane
0%
Clermont-Ferrand
0%
Cologne
0%
Cordoue
0%
Coventry
0%
Darmstadt
0%
Duisburg
0%
Düsseldorf
0%
Edinburgh
0%
Elche
0%
Essen
0%
Gérone
0%
Getafe
0%
Glasgow
0%
Grenade
0%
Grenoble
0%
Hanovre
0%
Heidelberg
0%
Huelva
0%
Hull
0%
Ingolstadt
0%
Inverness
0%
Jaén
0%
Kiel
0%
Leeds
0%
LeHavre
0%
Leipzig
0%
Lens
0%
León
0%
Lérida
0%
Limoges
0%
Liverpool
0%
Lorient
0%
Lübeck
0%
Madrid
0%
Magdebourg
0%
Malaga
0%
Manchester
0%
Mannheim
0%
Mayence
0%
Mérida
0%
Milan
0%
Modène
0%
Montpellier
0%
Munich
0%
Münster
0%
Murcie
0%
Naples
0%
Narbonne
0%
Newcastle
0%
Nice
0%
Norwich
0%
Nottingham
0%
Nuremberg
0%
Orléans
0%
Oxford
0%
Paderborn
0%
Padoue
0%
Palerme
0%
PalmadeMajorque
0%
Pampelune
0%
Paris
0%
Parme
0%
Pau
0%
Perpignan
0%
Pescara
0%
Pise
0%
Pontevedra
0%
Portsmouth
0%
Potenza
0%
Quimper
0%
Rome
0%
Rostock
0%
Saint-Sébastien
0%
Salamanque
0%
Santander
0%
Saragosse
0%
Séville
0%
Southampton
0%
Swansea
0%
Tarente
0%
Tarragone
0%
Tolède
0%
Toulouse
0%
Trente
0%
Turin
0%
Udine
0%
Ulm
0%
Valence(France)
0%
Valladolid
0%
Venise
0%
Versailles
0%
Vigo
0%
Wolfsburg
0%
York
0%

Distribution des résultats

Percentile par nombre de réponses

% des personnes avec chaque résultat

Votre développement - résultats

Vous n’avez pas pris ce quiz depuis la dernière actualisation